Ultimate Danganronpa Quiz (Spoilers) - Statistics

General Stats
  • This quiz has been taken 6,428 times
    6,394 since last reset
  • The average score is 53 of 100
Answer Stats
Clues Answer % Correct
Protagonist Makoto Naegi
97%
Headmaster Monokuma
90%
First victim, stabbed Sayaka Maizono
90%
First Game Trigger Happy Havoc
90%
Killed with a dumbell Chihiro Fujisaki
89%
First killer executed Leon Kuwata
88%
Has a split personality Touko Fukawa
88%
Drinks Poison Sakura Oogami
87%
Can't remember her talent Kyouko Kirigiri
85%
Best friend of the previous Aoi Asahina
84%
Watched his Bro get executed Kiyotaka Ishimaru
84%
Got turned into Butter Mondo Oowada
83%
Numbers written in blood 11037
81%
Punished by Headmaster Mukuro / Junko
79%
Moved the previous corpse Byakuya Togami
78%
Mastermind Junko Enoshima
76%
Killed the previous Celestia Ludenberg
72%
Carries Hamsters in his scarf Gundham Tanaka
72%
2nd Protagonist Hajime Hinata
71%
Both a Killer and Victim Hifumi Yamada
71%
Trips into erotic poses Mikan Tsumiki
71%
Does everything in the name of Hope Nagito Komaeda
71%
Short perverted character Teruteru Hanamura
70%
Always ready to fight!... And eat Akane Owari
68%
Has multi-coloured hair with Oni Horns Ibuki Mioda
68%
The traitor Chiaki Nanami
67%
Bullies the previous Hiyoko Saionji
67%
Gets turned into a Robot Nekomaru Nidai
67%
Has a surprising interest in serial killers Sonia Nevermind
66%
Called "Baby face" Fuyuhiko Kuzuryuu
65%
Embarrassingly in love with the previous Kazuichi Souda
65%
School trip teacher Monomi / Usami
65%
Not just a tool Peko Pekoyama
65%
AI Alter Ego
64%
Gentle giant, likes bugs Gonta Gokuhara
64%
First Protagonist Kaede Akamatsu
63%
Main Protagonist Shuichi Saihara
63%
Prankster Kokichi Ouma
62%
Killed in the Bath House Mahiru Koizumi
62%
Lewd girl who "improves" the previous Miu Iruma
62%
Can't remember his talent Rantaro Amami
62%
Hates boys Tenko Chabashira
62%
Flunked school 3 times Yasuhiro Hagakure
62%
Channels "Atua" through her to create Angie Yonaga
61%
It's not a trick, it's magic Himiko Yumeno
61%
He isn't human Kiibo
61%
Other playable character Touko Fukawa / Genocider Syo
61%
Alternate Identity of the Protagonist Izuru Kamakura
60%
Hides her real talent Maki Harukawa
60%
Protagonist Komaru Naegi
59%
Called "Ham hands" Twogami / Imposter
59%
His execution fails Kaito Momota
58%
The "Mom" of the group Kirumi Tojo
58%
Shortest of the group Ryoma Hoshi
58%
Plain girl, Mastermind Tsumugi Shirogane
57%
Had an incestous relationship with his sister Korekiyo Shinguji
56%
Words written in blood Blood lust
55%
3rd main series game New Danganronpa V3: Killing Harmony
55%
Spin-off third person shooter game Another Episode: Ultra Despair Girls
54%
Island it takes place on Jabberwock Island
50%
Main Antagonist Monaca Towa
50%
Green Monokub Monodam
48%
Blue Monokub Monokid
48%
Red Monokub Monotaro
48%
Pink Monokub Monophanie
46%
Yellow Monokub Monosuke
44%
Very first execution Jin Kirigiri
42%
All white bear ShiroKuma
40%
Antagonist group name Warriors of Hope
39%
Head of Sage class Nagisa Shingetsu
37%
All black bear KuroKuma
36%
Head of Fighter class Kotoko Utsugi
35%
Aoi's captive Yuta Asahina
35%
Head of Hero class Masaru Daimon
33%
Leader of the Resistance Haji Towa
32%
Head of Priest class Jataro Kemuri
31%
Yasuhiro's captive Hiroko Hagakure
30%
Chihiro's captive Taichi Fujisaki
30%
Locked outside of the Final Killing Game Yasuhiro Hagakure
30%
Anime Arc of the Final Killing game Future Arc
29%
Dies but returns in Hope Arc Kyouko Kirigiri
29%
On trial for treason Makoto Naegi
29%
First victim Chisa Yukizome
26%
Who is controlling the previous Monaca Towa
26%
Has a video to brainwash the world with Hope Ryota Mitarai
25%
Wears a surgical mask Seiko Kimura
23%
Product of 2 merged souls Kiyondo Ishida
22%
Kills her boyfriend Ruruka Ando
21%
Who gets "prank killed" Aoi Asahina
19%
Secretly in love with besfriend Juzo Sakakura
19%
What is everyone wearing on their wrists Bracelet
18%
Wears an animal mask Great Gozu
18%
Can't open doors Kyosuke Munakata
18%
Mastermind of this Killing Game Kazuo Tengan
17%
Previous' boyfriend Sonosuke Izayoi
17%
Can't witness violence Daisaku Bandai
15%
Secretly a robot Miaya Gekkogahara
15%
Second Game Super Danaganronpa 2
14%
Dies saving Kirigiri Kohichi Kizakura
12%
Secret kubs not seen to the human eye Nanokumas
11%
No matching quizzes found
Score Distribution
Percent of People with Each Score
Percentile by Number Answered
Your Score History
You have not taken this quiz since the last reset